ARRUPE JESUIT UNIVERSITY

CORONAVIRUS -STOP THE SPREAD - CLEAN,DISINFECT,COVER

The Structure and development of science / (Record no. 123305)

MARC details
000 -LEADER
fixed length control field 01054cam a2200301 i 4500
001 - CONTROL NUMBER
control field 2281009
003 - CONTROL NUMBER IDENTIFIER
control field ARRUPE
005 - DATE AND TIME OF LATEST TRANSACTION
control field 20150910091205.0
008 - FIXED-LENGTH DATA ELEMENTS--GENERAL INFORMATION
fixed length control field 790606s1979 ne b 001 0 eng
010 ## - LIBRARY OF CONGRESS CONTROL NUMBER
LC control number 79015961
020 ## - INTERNATIONAL STANDARD BOOK NUMBER
International Standard Book Number 9027709947
020 ## - INTERNATIONAL STANDARD BOOK NUMBER
International Standard Book Number 9027709955 (pbk.)
040 ## - CATALOGING SOURCE
Original cataloging agency DLC
Transcribing agency DLC
Modifying agency DLC
050 00 - LIBRARY OF CONGRESS CALL NUMBER
Classification number Q174
Item number .B67 vol. 59
Classification number Q175
082 00 - DEWEY DECIMAL CLASSIFICATION NUMBER
Classification number 501 s
-- 500
300 ## - PHYSICAL DESCRIPTION
Dimensions 23 cm.
245 04 - TITLE STATEMENT
Title The Structure and development of science /
Statement of responsibility, etc edited by Gerard Radnitzky and Gunnar Andersson.
260 ## - PUBLICATION, DISTRIBUTION, ETC. (IMPRINT)
Place of publication, distribution, etc Dordrecht ;
-- Boston :
Name of publisher, distributor, etc D. Reidel Pub. Co.,
Date of publication, distribution, etc c1979.
300 ## - PHYSICAL DESCRIPTION
Extent ix, 282 p. ;
440 #0 - SERIES STATEMENT/ADDED ENTRY--TITLE
Title Boston studies in the philosophy of science ;
Volume number/sequential designation v. 59
9 (RLIN) 19531
490 0# - SERIES STATEMENT
Series statement Synthese library ; v. 136
500 ## - GENERAL NOTE
General note Heelan, Patrick A. - The lattice of growth in knowledge p. 205-212
650 #0 - SUBJECT ADDED ENTRY--TOPICAL TERM
Topical term or geographic name as entry element Science
General subdivision Philosophy.
9 (RLIN) 19532
650 #0 - SUBJECT ADDED ENTRY--TOPICAL TERM
Topical term or geographic name as entry element Science
General subdivision History.
9 (RLIN) 19533
700 1# - ADDED ENTRY--PERSONAL NAME
Personal name Radnitzky, Gerard.
9 (RLIN) 14252
Relator term ed.
700 1# - ADDED ENTRY--PERSONAL NAME
Personal name Andersson, Gunnar,
Dates associated with a name 1942-
9 (RLIN) 14254
Relator term ed.
906 ## - LOCAL DATA ELEMENT F, LDF (RLIN)
a 7
b cbc
c orignew
d 1
e ocip
f 19
g y-gencatlg
942 ## - ADDED ENTRY ELEMENTS (KOHA)
Source of classification or shelving scheme Library of Congress Classification
Koha item type Monograph ( Printed materials)
Holdings
Withdrawn status Lost status Source of classification or shelving scheme Damaged status Not for loan Collection code Home library Current library Shelving location Date acquired Total Checkouts Full call number Barcode Date last seen Price effective from Koha item type
    Library of Congress Classification     SPECIAL Collection ARRUPE LIBRARY ARRUPE LIBRARY Reference 09/09/2015   SPCH3.C678 1979 46500003916 09/09/2015 09/09/2015 SPC

 

Arrupe Library. PO Box MP320 Mt Pleasant, Harare, Zimbabwe
263 242 745411|librarian@aju.ac.zw